Combien de ville du Territoire de Belfort (90) connais-tu ? - Statistiques

Statistiques générales
  • Ce quiz a été pris 27 fois
  • Le résultat moyen est 30 sur 101
Statistiques - réponses
Code postal Ville % Correct
90000 Belfort
100%
90800 Bavilliers
71%
90400 Andelnans
67%
90400 Danjoutin
62%
90300 Valdoie
62%
90100 Delle
57%
90600 Grandvillars
57%
90300 Sermamagny
57%
90850 Essert
52%
90500 Beaucourt
48%
90350 Évette-Salbert
48%
90150 Fontaine
48%
90130 Montreux-Château
48%
90120 Morvillars
48%
90140 Bourogne
43%
90300 Cravanche
43%
90200 Giromagny
43%
90200 Grosmagny
43%
90400 Meroux-Moval
43%
90300 Offemont
43%
90380 Roppe
43%
90400 Sevenans
43%
90400 Trévenans
43%
90170 Anjoutey
38%
90160 Bessoncourt
38%
90340 Chèvremont
38%
90200 Lepuix
38%
90150 Phaffans
38%
90110 Rougemont-le-Château
38%
90330 Chaux
33%
90160 Denney
33%
90150 Frais
33%
90340 Novillard
33%
90130 Petit-Croix
33%
90150 Angeot
29%
90140 Autrechêne
29%
90200 Auxelles-Bas
29%
90200 Auxelles-Haut
29%
90400 Botans
29%
90140 Brebotte
29%
90700 Châtenois-les-Forges
29%
90300 Éloie
29%
90170 Étueffont
29%
90100 Grosne
29%
90100 Joncherey
29%
90120 Méziré
29%
90170 Petitmagny
29%
90150 Reppe
29%
90200 Rougegoutte
29%
90100 Suarce
29%
90300 Vétrigne
29%
90400 Vézelois
29%
90800 Argiésans
24%
90130 Bretagne
24%
90140 Charmois
24%
90100 Croix
24%
90400 Dorans
24%
90150 Foussemagne
24%
90140 Froidefontaine
24%
90300 Lachapelle-sous-Chaux
24%
90360 Lachapelle-sous-Rougemont
24%
90150 Larivière
24%
90150 Menoncourt
24%
90200 Vescemont
24%
90800 Banvillars
19%
90400 Bermont
19%
90100 Boron
19%
90100 Courcelles
19%
90150 Cunelières
19%
90150 Eguenigue
19%
90100 Faverois
19%
90100 Fêche-l'Église
19%
90100 Florimont
19%
90150 Lacollonge
19%
90100 Lebetain
19%
90500 Montbouton
19%
90160 Pérouse
19%
90370 Réchésy
19%
90100 Saint-Dizier-l'Évêque
19%
90100 Thiancourt
19%
90150 Vauthiermont
19%
90100 Vellescot
19%
90800 Buc
14%
90100 Chavanatte
14%
90100 Chavannes-les-Grands
14%
90100 Courtelevant
14%
90110 Felon
14%
90340 Fontenelle
14%
90150 Lagrange
14%
90170 Lamadeleine-Val-des-Anges
14%
90110 Leval
14%
90360 Petitefontaine
14%
90200 Riervescemont
14%
90110 Saint-Germain-le-Châtelet
14%
90100 Villars-le-Sec
14%
90150 Bethonvilliers
10%
90100 Lepuix-Neuf
10%
90140 Recouvrance
10%
90110 Romagny-sous-Rougemont
10%
90800 Urcerey
10%
90110 Bourg-sous-Châtelet
5%
Aucun quiz correspondant
Distribution des résultats
% des personnes avec chaque résultat
Percentile par nombre de réponses
Votre historique - résultats
Vous n’avez pas pris ce quiz